| 000 | 00373 a2200157 4500 | ||
|---|---|---|---|
| 001 | 190846 | ||
| 020 | _a978-85-7676-174-7 | ||
| 040 | _cMagnum | ||
| 100 | _aBadger, Meredith | ||
| 240 | 1 | 0 |
_aGo Girl: de volta às aulas _lpor |
| 245 | 1 | 0 | _aGo Girl: de volta às aulas |
| 300 | _a73 | ||
| 362 | 0 | _a2007 | |
| 697 | _aLITERATURA INFANTO-JUVENIL ESTRANGEIRA | ||
| 942 | _cBK | ||
| 999 |
_c190846 _d190846 |
||